LEADER 01212nam a2200289 a 4500 001 000000124149 003 CaOOAMICUS 005 20110202110858.0 008 110202t2010 it u000 u ita r 020 $a978-88-6443-051-5 040 $aPUL$bita 082 04$a261.832 100 1 $aTulli, Federico.$0(OLS)http://pul/name/78367 245 10$aChiesa e pedofilia :$bnon lasciate che i pargoli vadano a loro /$cFederico Tulli ; prefazione di Adriano Prosperi. 260 $aRoma :$bL'Asino d'oro,$cİ2010. 300 $a223 p. ;$c21 cm. 504 $aBibliografia p. 217-223. 650 4$aPedofilia.$0(OLS)http://pul/subject/27607 700 1 $aProsperi, Adriano,$d1939-$0(OLS)http://pul/name/30551 850 $aPUL 852 $aPUL$W1$xSL Religione 3$y85$m261. 832 TULFE 1$j142969$qDDC 21$B141968$CPULBib$Z2$F141968 $H115807 $82 941 1 $a9 996 $6020$a978-88-6443-051-5$9(OLS)http://pul/number/146241 996 $6082$a261.832$9(OLS)http://pul/classification/1815 996 $6245$aChiesa e pedofilia :$bnon lasciate che i pargoli vadano a loro$9(OLS)http://pul/title/156503 996 $6260$aRoma :$bL'Asino d'oro$9(OLS)http://pul/publisher/81519 LEADER 01383nam a2200313 u 4500 001 000000052813 003 CaOOAMICUS 005 20070226115506.0 008 001025s1954 ja u000 u und u 035 $a10859453 040 $aPUL(R)$bita 110 1 $aGiappone.$0(OLS)http://pul/name/28225 240 10$aCodice civile$9(Giappone).$lInglese.$0(OLS)http://pul/title/70820 245 14$aThe civil code of Japan :$b(As of 1961) 260 $aTokio :$bEibun-Horei-Sha, Inc.,$c1954. 300 $av. <2 > ;$c21 cm 490 1 $aEHS Law bulletin series ;$vvol. 2 500 $aInclude indice. 500 $aIn cop.: Under authorization of the ministry of justice & the codes translation committee. 500 $aSul front. agg.: Amendments of the civil code of Japan. 500 $aSul front. agg.: Pocket Part to Vol. II FA-FAA for 1962. 505 1 $aVol. 2: FA-FAA. 650 4$aDiritto civile$zGiappone.$0(OLS)http://pul/subject/17974 830 0$aEHS law bulletin series (Eibun-Horei-Sha) ;.$0(OLS)http://pul/title/70822 850 $aPUL 852 $aPUL$W1$xDP1 Fondo Ciprotti$y59$m1543 E 38$j69756$nBK-PRI$b $qFondi$B69756$CPULBib$Z2$F69756 $H $81 941 1 $a1 996 $6245$aThe civil code of Japan :$b(As of 1961)$9(OLS)http://pul/title/70821 996 $6260$aTokio :$bEibun-Horei-Sha, Inc.$9(OLS)http://pul/publisher/68387